000
00281nam a22001217a 4500
008
180130b xxu||||| |||| 00| 0 eng d
041
_a
eng
080
_a
821
100
_a
21
101
_a
GJL
245
_a
The Apology, Phaedo, and Crito of Plato
_c
Collier, P.F
942
_2
udc
_c
BK
999
_c
41261
_d
41261